Statystyki dla Flagi z kolorami pansłowiańskimi

Kliknij tutaj aby rozwiązać quiz!

Ogólne statystyki

  • Ten quiz został rozwiązany 219 razy
    (183 od ostatniego zresetowania)
  • Średni wynik to 24 z 26

Statystyki odpowiedzi

Odpowiedź% Poprawnych
Francja
100%
Norwegia
100%
Polska
100%
Rosja
100%
Chorwacja
99%
Czechy
99%
Serbia
99%
Słowacja
99%
Słowenia
99%
Stany Zjednoczone
99%
Wielka Brytania
99%
Australia
98%
Chile
98%
Holandia
98%
Luksemburg
98%
Islandia
97%
Kuba
96%
Nowa Zelandia
95%
Nepal
93%
Panama
91%
Tajlandia
88%
Kostaryka
85%
Laos
84%
Tajwan
81%
Kambodża
79%
Liberia
74%

Rozkład punktacji

Percentyl według liczby udzielonych odpowiedzi

Procent ludzi z każdym wynikiem

Twoja historia wyników

Nie rozwiązałeś tego quizu od ostatniego zresetowania